[Event "17th Asian Continental-ch Open 2018"]
[Site "Makati City"]
[Date "2018.12.18"]
[Round "9"]
[White "Nguyen, Ngoc Truong Son"]
[Black "Sethuraman, S.P."]
[Result "1/2-1/2"]
[WhiteElo "2641"]
[BlackElo "2664"]
[Annotator "ChessBase"]
[PlyCount "139"]
[EventDate "2018.12.07"]
[EventType "swiss"]
[EventRounds "9"]
[EventCountry "PHI"]
[SourceTitle "playchess.com"]
[Source "ChessBase"]
[SourceQuality "1"]
[TimeControl "40/5400+30:1800+30"]

1. d4 {[%emt 0:02:01]} Nf6 {[%emt 0:00:00]} 2. c4 {[%emt 0:00:08]} e6 {[%emt 0:00:43]} 3. Nc3 {[%emt 0:00:13]} Bb4 {[%emt 0:00:40]} 4. Qc2 {[%emt 0:00:10]} O-O {[%emt 0:01:54]} 5. a3 {[%emt 0:00:22]} Bxc3+ {[%emt 0:00:09]} 6. Qxc3 {[%emt 0:00:10]} d5 {[%emt 0:01:28]} 7. Nf3 {[%emt 0:01:01]} dxc4 {[%emt 0:01:52]} 8. Qxc4 {[%emt 0:00:23]} b6 {[%emt 0:00:04]} 9. Bg5 {[%emt 0:01:02]} Bb7 {[%emt 0:04:34]} 10. e3 {[%emt 0:02:10]} Nbd7 {[%emt 0:00:31]} 11. Be2 {[%emt 0:00:40]} c5 {[%emt 0:05:00]} 12. O-O {[%emt 0:02:20]} h6 {[%emt 0:04:37]} 13. Bh4 {[%emt 0:02:55]} g5 {[%emt 0:07:00]} 14. Bg3 {[%emt 0:02:47]} Ne4 {[%emt 0:00:15]} 15. Rad1 {[%emt 0:12:57]} Nxg3 {[%emt 0:02:20]} 16. hxg3 {[%emt 0:04:15]} Qe7 {[%emt 0:00:59]} 17. Rd2 {[%emt 0:26:46]} Rfc8 {[%emt 0:21:10]} 18. Ne5 {[%emt 0:15:06]} Bd5 {[%emt 0:12:31]} 19. Qa4 {[%emt 0:03:49]} Nxe5 {[%emt 0:00:08]} 20. dxe5 {[%emt 0:00:04]} c4 {[%emt 0:00:05]} 21. e4 {[%emt 0:02:45]} Bxe4 {[%emt 0:02:53]} 22. Bxc4 {[%emt 0:00:13]} Rc5 {[%emt 0:12:40]} 23. Re1 {[%emt 0:05:32]} Bc6 {[%emt 0:00:46]} 24. Qb3 {[%emt 0:01:20]} Rd8 {[%emt 0:00:27]} 25. Rxd8+ {[%emt 0:00:35]} Qxd8 {[%emt 0:00:05]} 26. Qd3 {[%emt 0:01:07]} Qxd3 {[%emt 0:10:25]} 27. Bxd3 {[%emt 0:00:04]} g4 {[%emt 0:05:42]} 28. Re3 {[%emt 0:00:58]} Rc1+ {[%emt 0:00:24]} 29. Kh2 {[%emt 0:00:04]} Rd1 {[%emt 0:01:04]} 30. Be2 {[%emt 0:00:56]} Rd2 {[%emt 0:00:08]} 31. b4 {[%emt 0:00:59]} h5 {[%emt 0:00:37]} 32. Kg1 {[%emt 0:00:04]} Kg7 {[%emt 0:00:32]} 33. f3 {[%emt 0:00:10]} Bd5 {[%emt 0:00:49]} 34. fxg4 {[%emt 0:03:47]} hxg4 {[%emt 0:00:04]} 35. Bxg4 {[%emt 0:00:04]} Rxg2+ {[%emt 0:00:06]} 36. Kf1 {[%emt 0:00:03]} Rb2 {[%emt 0:01:53]} 37. Ke1 {[%emt 0:01:33]} Kg6 {[%emt 0:00:11]} 38. Be2 {[%emt 0:01:26]} Kf5 {[%emt 0:00:43]} 39. Bh5 {[%emt 0:00:38]} f6 {[%emt 0:02:24]} 40. exf6 {[%emt 0:00:00]} Kxf6 {[%emt 0:00:00]} 41. Bf3 {[%emt 0:03:06]} Bb3 {[%emt 0:00:26]} 42. Be2 {[%emt 0:12:07]} a5 {[%emt 0:02:13]} 43. bxa5 {[%emt 0:00:47]} bxa5 {[%emt 0:00:05]} 44. Bd3 {[%emt 0:00:40]} Bd5 {[%emt 0:03:38]} 45. Be4 {[%emt 0:01:08]} a4 {[%emt 0:00:35]} 46. Kd1 {[%emt 0:06:54]} Bb3+ {[%emt 0:03:00]} 47. Kc1 {[%emt 0:02:28]} Rh2 {[%emt 0:00:08]} 48. Bd3 {[%emt 0:00:27]} Rg2 {[%emt 0:02:59]} 49. Be4 {[%emt 0:00:57]} Rh2 {[%emt 0:00:17]} 50. Bd3 {[%emt 0:00:05]} Rf2 {[%emt 0:00:11]} 51. Be2 {[%emt 0:00:28]} Rg2 {[%emt 0:00:23]} 52. Bd3 {[%emt 0:01:58]} e5 {[%emt 0:01:35]} 53. Be4 {[%emt 0:02:01]} Ra2 {[%emt 0:00:41]} 54. Rf3+ {[%emt 0:02:33]} Ke6 {[%emt 0:00:55]} 55. g4 {[%emt 0:00:33]} Re2 {[%emt 0:01:04]} 56. Bd3 {[%emt 0:01:51]} Re1+ {[%emt 0:02:51]} 57. Kd2 {[%emt 0:00:14]} Ra1 {[%emt 0:00:06]} 58. g5 {[%emt 0:01:35]} Kd5 {[%emt 0:11:04]} 59. Rf8 {[%emt 0:02:36]} Kd4 {[%emt 0:04:03]} 60. Rd8+ {[%emt 0:00:54]} Bd5 {[%emt 0:00:06]} 61. Bb5 {[%emt 0:01:59]} Ra2+ {[%emt 0:01:44]} 62. Ke1 {[%emt 0:00:14]} Kc5 {[%emt 0:00:45]} 63. Bxa4 {[%emt 0:00:05]} Rxa3 {[%emt 0:00:07]} 64. Bc2 {[%emt 0:01:14]} Rg3 {[%emt 0:00:08]} 65. g6 {[%emt 0:00:26]} Rg1+ {[%emt 0:01:31]} 66. Kf2 {[%emt 0:00:47]} Rg2+ {[%emt 0:00:05]} 67. Ke3 {[%emt 0:00:06]} Rg3+ {[%emt 0:00:37]} 68. Kf2 {[%emt 0:00:05]} Rg2+ {[%emt 0:00:03]} 69. Ke3 {[%emt 0:00:02]} Rg3+ {[%emt 0:00:11]} 70. Kf2 {[%emt 0:00:03]} 1/2-1/2

[Event "17th Asian Continental-ch Open 2018"]
[Site "Makati City"]
[Date "2018.12.18"]
[Round "9"]
[White "Tabatabaei, M.amin"]
[Black "Wei, Yi"]
[Result "1/2-1/2"]
[WhiteElo "2587"]
[BlackElo "2728"]
[Annotator "TA"]
[PlyCount "113"]
[EventDate "2018.12.07"]
[EventType "swiss"]
[EventRounds "9"]
[EventCountry "PHI"]
[SourceTitle "playchess.com"]
[Source "ChessBase"]
[SourceQuality "1"]

{[%evp 21,113,35,19,18,28,18,18,18,18,9,20,22,25,0,9,0,0,-25,-22,-11,-14,-8,32,46,143,107,102,103,93,44,26,21,75,87,86,83,97,99,93,34,34,34,38,35,37,35,35,35,48,37,33,35,47,44,41,0,0,0,41,2,8,8,15,0,0,0,12,2,7,11,28,8,8,0,0,0,8,8,13,0,0,0,0,0,0,0,0,0,0,-8,-16,-14,-6,-8]} 1. e4 e5 2. Nf3 Nc6 3. Bc4 Bc5 4. c3 Nf6 5. d3 a6 6. O-O d6 7. a4 {C54: Giuoco Piano: 4 c3 Nf6, main lines with 5 d4 and 5 d3} Ba7 8. Re1 O-O 9. h3 h6 10. Nbd2 {[%cal Bb1d2,Bd2f1,Bf1e3,Be3c4][%mdl 32]} Be6 11. Bxe6 fxe6 {LiveBook: 16 Games} 12. b4 Nh5 13. Nf1 Qe8 {[#]} 14. Ra2 $146 ({Predecessor:} 14. Be3 Bxe3 15. Rxe3 Nf4 {1-0 (63) Karjakin,S (2773)-So,W (2810) Saint Louis 2017}) 14... Nf4 15. Kh2 Qf7 16. Be3 Bxe3 17. Nxe3 Kh8 18. Ng1 d5 {White must now prevent ...d4.} 19. Qc2 d4 20. Nc4 dxc3 21. Qxc3 Nxd3 {[%mdl 64] [#] Decoy} 22. Qxd3 {Hoping for Qc3.} Nxb4 (22... b5 $1 $14) 23. Qd2 Nxa2 24. Nxe5 Qxf2 25. Re2 Qf6 26. Ngf3 Rad8 (26... b5 $11 {keeps the balance.}) 27. Qxa2 $16 Kh7 28. Qb1 {[%mdl 1024] White has strong compensation.} b6 29. Qc2 c5 30. Qb1 ({White should play} 30. h4 $16) 30... b5 $1 $14 31. axb5 axb5 32. Qxb5 Qf4+ $1 33. g3 Qc1 34. Kg2 Rb8 35. Qc4 Rb1 {[#] ( -> ...Qh1+)} 36. Qxc1 Rxc1 37. Kf2 c4 38. Re1 Rc2+ 39. Re2 Rc1 40. Ng4 c3 41. Ne3 $1 Rb8 42. Ne1 Rf8+ 43. Nf3 Rb8 44. Nc2 Rb2 45. Nfe1 Rd1 46. Ke3 g5 {The position is equal.} 47. Rf2 Rbb1 48. Re2 Rb8 49. Nd4 Rbb1 50. Nec2 Rg1 51. Kf3 Rbf1+ 52. Rf2 Rxf2+ 53. Kxf2 Rd1 {aiming for ...Rd2+.} 54. Ke3 Rh1 55. Nxe6 Rxh3 56. Kf3 $1 Rh2 57. Ned4 {Accuracy: White = 53%, Black = 55%.} 1/2-1/2